000
00211nam a22000857a 4500
008
170327b xxu||||| |||| 00| 0 eng d
100
_9
3051
_a
CBSE
245
_a
English Exam Paper-IX
260
_a
New Delhi
_b
G.B.P.
_c
2010
999
_c
6320
_d
6320